সাংবাদিকতা : (Record no. 76133)
[ view plain ]
| 000 -LEADER | |
|---|---|
| fixed length control field | 01007nam a22002537a 4500 |
| 001 - CONTROL NUMBER | |
| control field | 76133 |
| 003 - CONTROL NUMBER IDENTIFIER | |
| rucl marc code | BD-RjUL |
| 005 - DATE AND TIME OF LATEST TRANSACTION | |
| control field | 20211209082810.0 |
| 008 - FIXED-LENGTH DATA ELEMENTS--GENERAL INFORMATION | |
| fixed length control field | 191029s2016 bg ||||| |||| 00| 0 ben d |
| 020 ## - INTERNATIONAL STANDARD BOOK NUMBER | |
| International Standard Book Number | 9789849144908 |
| 035 ## - SYSTEM CONTROL NUMBER | |
| System control number | (BD-RjUL)76354 |
| 040 ## - CATALOGING SOURCE | |
| Original cataloging agency | BD-RjUL |
| Language of cataloging | eng |
| Transcribing agency | BD-RjUL |
| 041 ## - LANGUAGE CODE | |
| Language code of text/sound track or separate title | eng |
| 082 ## - DEWEY DECIMAL CLASSIFICATION NUMBER | |
| Edition number | 23 |
| Classification number | 070.401 |
| Author mark and year | HAS 2016 |
| 100 ## - MAIN ENTRY--PERSONAL NAME | |
| Personal name | হক, মাহামুদুল |
| 9 (RLIN) | 234211 |
| 245 ## - TITLE STATEMENT | |
| Title | সাংবাদিকতা : |
| Remainder of title | অফলাইন অনলাইন / |
| Statement of responsibility, etc. | মাহামুদুল হক |
| 260 ## - PUBLICATION, DISTRIBUTION, ETC. (IMPRINT) | |
| Place of publication, distribution, etc. | ঢাকা : |
| Name of publisher, distributor, etc. | একাডেমিক প্রেস এন্ড পাবলিশার্স লাইব্রেরি, |
| Date of publication, distribution, etc. | ২০১৬ |
| 300 ## - PHYSICAL DESCRIPTION | |
| Pagination | ২৪৪ পৃ. ; |
| Size | ২২ সেমি. |
| 504 ## - BIBLIOGRAPHY, ETC. NOTE | |
| Bibliography, etc | বিবলিওগ্রাফি অন্তর্ভূক্ত। |
| 650 ## - SUBJECT ADDED ENTRY--TOPICAL TERM | |
| Topical term or geographic name as entry element | Journalism |
| Form subdivision | Handbooks, manuals, etc. |
| 9 (RLIN) | 234212 |
| Topical term or geographic name as entry element | Journalism |
| 9 (RLIN) | 234213 |
| Topical term or geographic name as entry element | সাংবাদিকতা |
| 9 (RLIN) | 234214 |
| 942 ## - ADDED ENTRY ELEMENTS (KOHA) | |
| Source of classification or shelving scheme | Dewey Decimal Classification |
| Koha item type | Books |
| Lost status | Source of classification or shelving scheme | Damaged status | Not for loan | Permanent Location | Current Location | Shelving location | Date acquired | Source of acquisition | Cost, normal purchase price | Total Checkouts | Full call number | Date last seen | Copy number | Koha item type |
|---|---|---|---|---|---|---|---|---|---|---|---|---|---|---|
| Dewey Decimal Classification | Not For Loan | Central Library, University of Rajshahi | Central Library, University of Rajshahi | Reading Room | 05/09/2019 | Vidyasagar, Rajshahi | 350.00 | B 070.401 HAS 2016 | 29/10/2019 | C-1 | Books |